The rulers and the ruled: political power and impotence in American communities

Salvato in:
Dettagli Bibliografici
Autori principali: Agger, Robert E (Autore), Goldrich, Daniel (Autore), Swanson, Bert E (Autore)
Natura: Libro
Lingua:inglese
Pubblicazione: Nueva York John Wiley 1964
Soggetti:
Tags: Aggiungi Tag
Nessun Tag, puoi essere il primo ad aggiungerne!!

MARC

LEADER 00000nam a2200000 a 4500
001 UCT6252
003 CL-VaPUC
008 970106e19640000US |||||||||||||||||eng|d
082 0 4 |a 320.97  |b AGG  |2 21 
100 0 |a Agger, Robert E  |e author  |9 376188 
700 0 |a Goldrich, Daniel  |e author  |9 376189 
700 0 |a Swanson, Bert E  |e author  |9 376190 
245 1 4 |a The rulers and the ruled: political power and impotence in American communities 
300 |a 789 p 
942 |c BK 
945 |d 19970106 00:00:00  |a paguirre 
260 |a Nueva York  |b John Wiley  |c 1964 
650 0 |a Ciencias Políticas  |9 255201 
650 0 |a Desarrollo político  |9 323087 
650 0 |a Instituciones políticas  |9 255506 
650 0 |a Política  |9 255312 
650 7 |a GRUPOS  |2 CL-VaPUC  |9 336429 
650 0 |a Gobierno   |9 255508 
650 0 |a Comunidades  |9 337024 
651 0 |a América  |9 255182 
651 0 |a Estados Unidos  |9 255178 
583 |a last modification  |c 19970106 00:00:00  |k Rodrigo Vera 
999 |c 254968  |d 254966 
952 |0 0  |1 0  |4 0  |6 320_970000000000000_AGG_1964  |7 0  |8 P  |9 276966  |a BIBDER  |b BIBDER  |d 2019-11-19  |i 1801007  |o 320.97 AGG 1964  |p 1801007  |r 2023-01-25  |w 2019-11-19  |y BK  |k DER